Encyclopedia of energy

Αποθηκεύτηκε σε:
Λεπτομέρειες βιβλιογραφικής εγγραφής
Άλλοι συγγραφείς: Cleveland, Cutler J. (Επιμελητής έκδοσης), Ayres, Robert U. (Επιμελητής έκδοσης)
Μορφή: Βιβλίο
Γλώσσα:English
Δημοσίευση: Amsterdam : Elsevier Academic Press, 2005, c2004
Θέματα:
Ετικέτες: Προσθήκη ετικέτας
Δεν υπάρχουν, Καταχωρήστε ετικέτα πρώτοι!

MARC

LEADER 00000nam a2200000 i 4500
001 1/91277
008 080721r20052004 eng d
020 |a 0-12-176480-X (set) 
020 |a 0-12-176481-8 (τ.1) 
020 |a 0-12-176482-6 (τ.2) 
020 |a 0-12-176483-4 (τ.3) 
020 |a 0-12-176484-2 (τ.4) 
020 |a 0-12-176485-0 (τ.5) 
020 |a 0-12-176486-9 (τ.6) 
035 |l 10099094 
040 |a GR-MY-UA  |b gre  |e aacr 
041 0 |a eng 
082 0 |a 333.7903  |2 (22) 
245 1 0 |a Encyclopedia of energy /  |c editor-in-chief, Cutler J. Cleveland ; associate editors, Robert U. Ayres ... [κ.ά.] 
260 |a Amsterdam :   |b Elsevier Academic Press,   |c 2005, c2004 
300 |a 6 τ.;  |b εικ.;  |c 29 εκ. 
504 |a Περιέχει βιβλιογραφικές παραπομπές και ευρετήριο 
505 0 |a Τ.1. A-Eaτ.2. Ec-Geτ.3. Gl-Maτ.4. Me-Peτ.5. Ph-Sτ.6. T-Z, index 
650 0 0 |a Power resources  |x Encyclopedias. 
700 1 |a Cleveland, Cutler J.  |4 edt 
700 1 |a Ayres, Robert U.  |4 edt 
852 |a INST  |b LESVOS  |e 20080721  |h 333.7903 ENC  |p 005100041806  |q 005100041806  |t REF  |y 23  |z τ.1 
852 |a INST  |b LESVOS  |e 20080721  |h 333.7903 ENC  |p 005100041807  |q 005100041807  |t REF  |y 23  |z τ.2 
852 |a INST  |b LESVOS  |e 20080721  |h 333.7903 ENC  |p 005100041808  |q 005100041808  |t REF  |y 23  |z τ.3 
852 |a INST  |b LESVOS  |e 20080721  |h 333.7903 ENC  |p 005100041809  |q 005100041809  |t REF  |y 23  |z τ.4 
852 |a INST  |b LESVOS  |e 20080721  |h 333.7903 ENC  |p 005100041810  |q 005100041810  |t REF  |y 23  |z τ.5 
852 |a INST  |b LESVOS  |e 20080721  |h 333.7903 ENC  |p 005100041811  |q 005100041811  |t REF  |y 23  |z τ.6 
852 |a INST  |b LESVOS  |e 20080721  |h 333.7903 ENC  |p 005100041806  |q 005100041806  |t REF  |v τ.1:  |y 23  |z τ.1 
852 |a INST  |b LESVOS  |e 20080721  |h 333.7903 ENC  |p 005100041807  |q 005100041807  |t REF  |v τ.2:  |y 23  |z τ.2 
852 |a INST  |b LESVOS  |e 20080721  |h 333.7903 ENC  |p 005100041808  |q 005100041808  |t REF  |v τ.3:  |y 23  |z τ.3 
852 |a INST  |b LESVOS  |e 20080721  |h 333.7903 ENC  |p 005100041809  |q 005100041809  |t REF  |v τ.4:  |y 23  |z τ.4 
852 |a INST  |b LESVOS  |e 20080721  |h 333.7903 ENC  |p 005100041810  |q 005100041810  |t REF  |v τ.5:  |y 23  |z τ.5 
852 |a INST  |b LESVOS  |e 20080721  |h 333.7903 ENC  |p 005100041811  |q 005100041811  |t REF  |v τ.6:  |y 23  |z τ.6 
853 |a INST  |b LESVOS  |h 333.7903 ENC 
901 |a BIBL1-2008-2 
909 |a Λ  |b 143019 
909 |a Λ  |b 143020 
909 |a Λ  |b 143018 
909 |a Λ  |b 143023 
909 |a Λ  |b 143022 
909 |a Λ  |b 143021 
922 |a 1ΕΛΗ  |b 200712  |c ΕΠΕΑΕΚ2/ΤΠ  |d ΠΑΠΑΣΩΤΗΡΙΟΥ 
970 |a ΚΑΡΑ  |b ΓΙΑΣΕΜΗ  |z 2008/07/21